000 01237nam a2200337 i 4500
001 15970
003 ES-MaACL
005 20250901102637.0
007 t|
008 000530s1999 sp |||| | spa d
020 _a84-7846-806-4
080 _a339.133(460.18)"16/18"
080 _a339.133(460.23)"16/18"
080 _a339(460.18)"16/18"
080 _a339(460.23)"16/18"
245 0 0 _aConsumo, condiciones de vida y comercialización
_b: Cataluña y Castilla, siglos XVII-XIX /
_cJ. Torras y B. Yun, dirs.
260 _a[Valladolid] :
_bJunta de Castilla y León, Consejería de Educación y Cultura,
_c1999.
300 _a436 p. ;
_c25 cm.
490 1 _aEstudios de historia
504 _aBibliografía : p. [395]-433.
650 1 4 _aConsumo-
_zCastilla y León-
_vHistoria.
_9165616
650 1 4 _aConsumo-
_zCataluña-
_vHistoria.
_9165618
650 1 7 _aComercio-
_zCastilla y León
_2
_9165617
650 1 7 _aComercio-
_zCataluña
_2
_9165613
700 1 _aTorras, Jaume.
_9110718
700 1 _aYun Casalilla, Bartolomé.
_9117742
710 1 _aCastilla y León.
_bConsejería de Educación y Cultura.
_92500
830 0 _aEstudios de historia
_9179197
852 _aES-MaACL
_jL-23229
999 _c15970
_d15970